UBT Library

Handbook for Anesthesia and co-existing disease / (Record no. 41238)

000 -LEADER
fixed length control field 00729cam a2200229 a 4500
001 - CONTROL NUMBER
control field 2994727
005 - DATE AND TIME OF LATEST TRANSACTION
control field 20180130035709.0
008 - FIXED-LENGTH DATA ELEMENTS--GENERAL INFORMATION
fixed length control field 930224s1993 nyua f 001 0 eng c
010 ## - LIBRARY OF CONGRESS CONTROL NUMBER
LC control number 93000707
020 ## - INTERNATIONAL STANDARD BOOK NUMBER
International Standard Book Number 0443088934
040 ## - CATALOGING SOURCE
Original cataloging agency DNLM/DLC
Transcribing agency DLC
Modifying agency DLC
041 ## - LANGUAGE CODE
Language code of text/sound track or separate title eng
060 ## - NATIONAL LIBRARY OF MEDICINE CALL NUMBER
Classification number WO 245 A578 1993 Suppl.
080 ## - UNIVERSAL DECIMAL CLASSIFICATION NUMBER
Universal Decimal Classification number 617.96041 STO
082 00 - DEWEY DECIMAL CLASSIFICATION NUMBER
Classification number 617.96041 STO
Edition number 20
100 1# - Rafti
Rafti 6
101 ## - Shkurtesa
Shkurtesa ANE
245 10 - TITLE STATEMENT
Title Handbook for Anesthesia and co-existing disease /
Statement of responsibility, etc Robert K. Stoelting, Stephen F. Dierdorf.
906 ## - LOCAL DATA ELEMENT F, LDF (RLIN)
a 7
b cbc
c orignew
d 1
e ocip
f 19
g y-gencatlg
942 ## - ADDED ENTRY ELEMENTS (KOHA)
Source of classification or shelving scheme
Item type Books
Holdings
Withdrawn status Lost status Source of classification or shelving scheme Damaged status Not for loan Collection code Permanent location Current location Shelving location Date acquired Total Checkouts Full call number Barcode Date last seen Price effective from Koha item type
          Koleksioni i përgjithshem UBT - Lipjan UBT - Lipjan Koleksioni i përgjithshem 01/30/2018   617.96041 STO 002-2997044 01/30/2018 01/30/2018 Books
          Koleksioni i përgjithshem UBT - Lipjan UBT - Lipjan Koleksioni i përgjithshem 01/30/2018   617.96041 STO 002-2997043 01/30/2018 01/30/2018 Books
UBT Library © 2015-2024. All rights reserved University Education for Business and Technology